| 000 | 00568nam a2200169 a 4500 | ||
|---|---|---|---|
| 001 | 000035775 | ||
| 005 | 20200930074612.0 | ||
| 008 | 111110s2011 dr 000 0 spa d | ||
| 020 | _a9789945473742 | ||
| 040 |
_aDO-SdBNP _bspa _cBNPHU |
||
| 100 | 1 |
_aGuerrero Ramírez, Rafael _955963 |
|
| 245 | 1 | 3 |
_aLa fe y la política : _bdesde una perpectiva bíblica contemporánea / _cRafael Guerrero Ramírez. |
| 260 |
_aSanto Domingo : _bSantuario, _c2011. |
||
| 300 |
_a132 p. ; _c24 cm. |
||
| 500 | _aIncluye datos biográficos del autor en la contracubierta | ||
| 049 | _aBNPD | ||
| 999 |
_c35266 _d35266 |
||